00321nam a22000977a 4500008004100000020001500041082001800056245009200074260004800166300000900214230606b xxu||||| |||| 00| 0 eng d a9966957960 a337.1676bEAC aThe East African CommunityTreat: Its Impact on KenyabReporting International Treaties aKenyabFriedrich Ebert Stiftung (FES)c2002 a22 p